00701nam a2200217Ia 4500008004100000020001800041050001600059100001800075245001800093245002100111250001800132260001500150260002000165260000900185300001600194300002000210300001000230440011800240999001900358952010600377170918s9999 xx 000 0 und d a9780385733151 bS121sm 2006 aSachar, Louis aSmall steps / cby Louis Sachar. aFirst edition aNew York : bReaders circle, c2006 a257 pages : billustrations ; c20cm. vSummary : Three years after being released from Camp Green Lake, Armpit is trying hard to keep his life on track. c344035d344035 001040aSSISMbSSISMd2017-09-18l0oFIC S121sm 2006pSSISM3107r2017-09-18 00:00:00w2017-09-18yBK